Normal view
MARC view
- Pantin, Yolanda,
Entry Nombre Personal
001 - NUMERO DE CONTROL
- campo de control: 36388
003 - IDENTIFICADOR DE NUMERO DE CONTROL
- campo de control: UPN
005 - FECHA Y HORA DE LA ÜLTIMA TRANSACCIÓN
- campo de control: 20210219194514.0
008 - DATOS DE LONGITUD FIJA
- campo de control de longitud fija: nabaccnnaabn|||||||||| b |nc|||||d
035 ## - NUMERO DE CONTROL
- Número de control: UPN11000008495
040 ## - FUENTE DE CATALOGACIÓN
- Lenguaje de catalogación: SPA
- Agencia de transcripción: UPN
053 #4 - NÚMERO DE CLASIFICACIÓN LC
- Número de clasificación elemento-número único o número inicial de tramo: PQ8550.26 A5.8
100 1# - ENCABEZAMIENTO - NOMBRE PERSONAL
- Nombre personal: Pantin, Yolanda,
- Fechas asociadas con el nombre: 1954-
670 ## - FUENTE EN LA QUE SE LOCALIZARON DATOS
- Cita de la fuente: LC/P
680 ## - NOTA PUBLICA DE ACCESO PÚBLICO
- Frase explicativa de la referencia: Escritora venezolana
902 ## - CATALOGADOR
- Catalogador: CAA/280115
